000 00301nam a2200121Ia 4500
008 190216s9999||||xx |||||||||||||| ||und||
100 _aJohn G Kemeny
245 0 _aIntroduction To Finite Mathematics
250 _aIII
260 _bPentice Hall Of India
650 _aMathematics
942 _cBK
999 _c30693
_d30693